| 000 | 00820nas a2200265 4500 | ||
|---|---|---|---|
| 001 | BR2010002019 | ||
| 003 | BR-BrBNA | ||
| 005 | 20231205114153.0 | ||
| 007 | ta | ||
| 008 | 230509b bl.|||p| |||| 00| 00por d | ||
| 040 |
_aBR-BrBNA _bpor _cBiblioteca Nacional de Agricultura |
||
| 041 | _a(Pt) | ||
| 072 | _aQ03 | ||
| 100 | 1 | _aAssis, O.B.G. | |
| 100 | 1 | _aBritto, D. de | |
| 245 | 1 | _aUso de análise de imagens no acompanhamento de contaminação por fungos em frutos minimamente processados | |
| 650 | _aFRUTA | ||
| 650 | _aPROCESSAMENTO MÍNIMO | ||
| 650 | _aCONTAMINAÇÃO | ||
| 650 | _aFUNGO | ||
| 650 | _aSÃO PAULO | ||
| 773 | 0 |
_tHigiene Alimentar (Brazil) _xISSN 0101-9171 _g(Jan-Feb 2010), v. 24(180-181) p. 101-107 _wBR2010002019 |
|
| 909 |
_a202311 _bLúcia _c55 _dLúcia Elande |
||
| 942 |
_2AGRIS _n0 _cANA |
||
| 999 |
_c207407 _d207407 |
||